Advanced Therapy in Facial Plastic and Reconstructive Surgery (Record no. 221)
[ view plain ]
| 000 -LEADER | |
|---|---|
| fixed length control field | 00847cam a22002774a 4500 |
| 001 - CONTROL NUMBER | |
| control field | 16139561 |
| 003 - CONTROL NUMBER IDENTIFIER | |
| control field | OSt |
| 005 - DATE AND TIME OF LATEST TRANSACTION | |
| control field | 20170421201847.0 |
| 008 - FIXED-LENGTH DATA ELEMENTS--GENERAL INFORMATION | |
| fixed length control field | 100310s2010 ctua b 001 0 eng |
| 010 ## - LIBRARY OF CONGRESS CONTROL NUMBER | |
| LC control number | 2010010385 |
| 020 ## - INTERNATIONAL STANDARD BOOK NUMBER | |
| International Standard Book Number | 9781607950110 |
| 035 ## - SYSTEM CONTROL NUMBER | |
| System control number | (DNLM)101526139 |
| 040 ## - CATALOGING SOURCE | |
| Original cataloging agency | DNLM/DLC |
| Transcribing agency | DLC |
| 042 ## - AUTHENTICATION CODE | |
| Authentication code | pcc |
| 050 00 - LIBRARY OF CONGRESS CALL NUMBER | |
| Classification number | RD523 |
| Item number | .A347 2010 |
| 082 00 - DEWEY DECIMAL CLASSIFICATION NUMBER | |
| Classification number | WO 600 T361a 2010 |
| 100 ## - MAIN ENTRY--PERSONAL NAME | |
| Personal name | Edited by Regan, Thomas J. |
| 9 (RLIN) | 12115 |
| 245 00 - TITLE STATEMENT | |
| Title | Advanced Therapy in Facial Plastic and Reconstructive Surgery |
| 260 ## - PUBLICATION, DISTRIBUTION, ETC. (IMPRINT) | |
| Place of publication, distribution, etc. | Shelton, Conn. : |
| Name of publisher, distributor, etc. | People's Medical Pub. House, |
| Date of publication, distribution, etc. | 2010. |
| 300 ## - PHYSICAL DESCRIPTION | |
| Extent | xvi, 800 p. : |
| Other physical details | col. ill. ; |
| Dimensions | 28 cm. |
| 504 ## - BIBLIOGRAPHY, ETC. NOTE | |
| Bibliography, etc | Includes bibliographical references and index. |
| 650 #0 - SUBJECT ADDED ENTRY--TOPICAL TERM | |
| Topical term or geographic name as entry element | Face surgery |
| 9 (RLIN) | 578 |
| 650 #0 - SUBJECT ADDED ENTRY--TOPICAL TERM | |
| Topical term or geographic name as entry element | Plastic surgery |
| 9 (RLIN) | 579 |
| 906 ## - LOCAL DATA ELEMENT F, LDF (RLIN) | |
| a | 7 |
| b | cbc |
| c | orignew |
| d | 1 |
| e | ecip |
| f | 20 |
| g | y-gencatlg |
| 942 ## - ADDED ENTRY ELEMENTS (KOHA) | |
| Source of classification or shelving scheme | Other/Generic Classification Scheme |
| Koha item type | Book Bank |
| Withdrawn status | Lost status | Source of classification or shelving scheme | Damaged status | Not for loan | Home library | Current library | Date acquired | Source of acquisition | Inventory number | Total Checkouts | Full call number | Barcode | Date last seen | Koha item type |
|---|---|---|---|---|---|---|---|---|---|---|---|---|---|---|
| Other/Generic Classification Scheme | MUST Main Library | MUST Main Library | 16/07/2014 | 12/36662 | WO 600 T361a 2010 | 2014-0795 | 16/07/2014 | Book Bank | ||||||
| Other/Generic Classification Scheme | MUST Main Library | MUST Main Library | 16/07/2014 | 12/36661 | WO 600 T361a 2010 | 2014-0801 | 16/07/2014 | Book Bank | ||||||
| Other/Generic Classification Scheme | MUST Main Library | MUST Main Library | 16/07/2014 | 12/36663 | WO 600 T361a 2010 | 2014-0803 | 16/07/2014 | Book Bank | ||||||
| Other/Generic Classification Scheme | MUST Main Library | MUST Main Library | 16/07/2014 | 12/36660 | WO 600 T361a 2010 | 2014-0804 | 16/07/2014 | Book Bank |
